Pays qui accueilleront un Grand Prix de Formule 1 en 2018 - Statistiques

Statistiques générales
  • Ce quiz a été pris 675 fois
  • Le résultat moyen est 18 sur 21
Statistiques - réponses
Date (2018) Pays % Correct
24 juin France
97%
25 mars Australie
96%
21 octobre Etats-Unis
95%
13 mai Espagne
94%
11 novembre Brésil
93%
8 avril Chine
93%
2 septembre Italie
93%
7 octobre Japon
93%
26 août Belgique
92%
8 juillet Grande-Bretagne
92%
27 mai Monaco
90%
28 octobre Mexique
88%
22 juillet Allemagne
87%
10 juin Canada
87%
15 avril Bahreïn
86%
1er juillet Autriche
83%
30 septembre Russie
82%
25 novembre Emirats arabes unis
81%
29 juillet Hongrie
79%
16 septembre Singapour
79%
29 avril Azerbaïdjan
66%
Aucun quiz correspondant
Distribution des résultats
% des personnes avec chaque résultat
Percentile par nombre de réponses
Votre historique - résultats
Vous n’avez pas pris ce quiz